000 01106nam0a2200349 4500
001 RU\NLR\bibl\1743601
005 20250616113605.0
010 _a978-5-373-03508-8
_93000
021 _aRU
_b2011-6991
_9494
035 _a(NLR Aleph) 001734507
090 _a1420478
_c1420478
100 _a20110304d2011 |||y0rusy50 ca
101 0 _arus
102 _aRU
105 _aa |||||||||
200 1 _aПивной букварь
_fА. Страк
210 _aМосква
_cОЛМА Медиа Групп
_d2011
215 _a237, [2] с.
_cцв. ил.
_d21
225 1 _aВсе о пиве
313 _aесть рецепты
320 _aБиблиогр.: с. 230 (13 назв.)
606 1 _aПивоваренное производство
_92336824
_3RU\NLR\auth\661397058
606 1 _aКулинария
_xРецептура
_92080572
_3RU\NLR\auth\661256513
686 _aЛ997
686 _aЛ876
700 1 _aСтрак
_bА.
_gАлександр
_4070
801 0 _aRU
_bNLR
_c20110304
_gRCR
801 1 _aRU
_bNLR
_c20110304
942 _cBOOK
980 _aNB
980 _aNBR